Graficko-logistické modelovanie hospodárstva zosúladené s nenávratnosťou toku času

Pokračovanie state z predchádzajúceho čísla. Kolobehové modelovanie hospodárstva.

Saved in:
Bibliographic Details
Main Author: Choluj, Vladimír
Format: Book Chapter
Language:Slovak
Subjects:
Tags: Add Tag
No Tags, Be the first to tag this record!

MARC

LEADER 00000naa a2200000 4500
001 0190621
005 20240502073216.0
041 0 |a slo 
044 |a SK 
245 1 0 |a Graficko-logistické modelovanie hospodárstva zosúladené s nenávratnosťou toku času  |c Vladimír Choluj 
520 |a Pokračovanie state z predchádzajúceho čísla. Kolobehové modelovanie hospodárstva. 
610 2 0 |a politika hospodárska 
610 2 0 |a modelovanie 
610 2 0 |a vzťahy tovarovo-peňažné 
100 1 |a Choluj, Vladimír